Georgian gardens : the reign of nature /

Bibliographic Details
Main Author: Jacques, David
Format: Book
Language:English
Published: London : B.T. Batsford, 1983.
Subjects:

MARC

Tag First Indicator Second Indicator Subfields
LEADER 00000cam a2200000 a 4500
001 in00000562913
005 20151014070829.0
008 840727s1983 enkfa b 00110 eng
010 |a  84128270  
020 |a 0713434562 :  |c 25.00 
035 |a (OCoLC)10279275 
035 |9 ACP0072AM 
039 0 |a 2  |b 3  |c 3  |d 3  |e 3 
040 |a DLC  |c DLC  |d OCL  |d TXA  |d UtOrBLW 
043 |a e-uk-en 
049 |a TXAM  |c [A09140545] 
050 0 0 |a SB457.6  |b .J33 1983 
070 0 |a SB457.6.J33 
082 0 |a 712/.6/0942  |2 19 
100 1 |a Jacques, David. 
245 1 0 |a Georgian gardens :  |b the reign of nature /  |c David Jacques. 
264 1 |a London :  |b B.T. Batsford,  |c 1983. 
300 |a 240 pages, 8 unnumbered pages of plates :  |b illustrations (some color) ;  |c 26 cm. 
336 |a text  |b txt  |2 rdacontent 
337 |a unmediated  |b n  |2 rdamedia 
338 |a volume  |b nc  |2 rdacarrier 
500 |a Includes index. 
504 |a Bibliography: pages [218]-222. 
650 0 |a Gardens, English. 
999 |a MARS 
999 f f |s 8d75e16e-8be5-350f-b0ec-96da6c939ed2  |i 9135515b-2f0d-3fb5-95af-bda818e0b734  |t 0 
952 f f |p ric  |a Texas A&M University  |b Rellis Campus  |c Joint Library Facility  |d Remote Storage  |t 0  |e SB457.6 .J33 1983  |h Library of Congress classification  |i unmediated -- volume  |m A14809140545 
998 f f |a SB457.6 .J33 1983  |t 0  |l Remote Storage